| 000 | 00874nas a2200289 4500 | ||
|---|---|---|---|
| 001 | BR2015000862 | ||
| 003 | BR-BrBNA | ||
| 005 | 20231205125120.0 | ||
| 007 | ta | ||
| 008 | 230509b bl.|||p| |||| 00| 00por d | ||
| 040 |
_aBR-BrBNA _bpor _cBiblioteca Nacional de Agricultura |
||
| 041 | _a(En) | ||
| 072 | _aF02 | ||
| 100 | 1 | _aHussain, I. | |
| 100 | 1 | _aAssis, A.M. | |
| 100 | 1 | _aYamamoto, L.Y. | |
| 100 | 1 | _aKoyama, R. | |
| 100 | 1 | _aRoberto, S.R. | |
| 245 | 1 | _aIndole butyric acid and substrates influence on multiplication of blackberry Xavante | |
| 650 | _aAMORA PRETA | ||
| 650 | _aÁCIDO INDOLBUTÍRICO | ||
| 650 | _aSUBSTRATO DE CULTURA | ||
| 650 | _aPROPAGAÇÃO VEGETATIVA | ||
| 773 | 0 |
_tCiência Rural (Brazil) _xISSN 0103-8478 _g(Oct. 2014), v. 44(10) p.1761-1765 _wBR2015000862 |
|
| 909 |
_a202311 _bLúcia _c55 _dLúcia Elande |
||
| 942 |
_2AGRIS _n0 _cANA |
||
| 999 |
_c242717 _d242717 |
||